Sports Quiz

Random Sports Quiz

Pundit Arena Daily Sports Quiz Challenge – Day 358 Stats

 Plays Quiz not verified by Sporcle

Support Sporcle.
Go Orange.
Score 0/20 Timer 05:00
0 Plays Today
Hint Answer % Correct
What was the first Premier League club Wayne Rooney played for?Everton
99.4%
Who won the Rugby World Cup in 2003?England
85.2%
In what year was Alex Ferguson appointed as manager of Manchester United?1986
84.7%
Who is the Republic of Ireland's top goal scorer?Robbie Keane
82.8%
Who is the current manager of Leeds United?Marcelo Bielsa
82.5%
How many clubs competed in the first season of the Premier League?22
82.2%
Who beat the Ireland women's rugby team in the last round of the Six Nations?France
81%
What country hosted the 2011 Rugby World Cup?New Zealand
77.5%
Who is the current manager of Barcelona?Ronald Koeman
71.5%
Who is Ireland's most-capped rugby player?Brian O'Driscoll
69.3%
Hint Answer % Correct
Who won the League of Ireland in 2020?Shamrock Rovers
62.8%
In what year did Ulster win the Heineken Cup?1999
61%
What club James McClean currently play for?Stoke City
60.8%
Who is the only man to have beaten Canelo Alvarez in pro boxing?Floyd Mayweather
56.5%
Who captained Leinster to their first Heineken Cup title?Leo Cullen
41%
Who did Jake Paul beat in his most recent fight?Ben Askren
38.4%
Who won the 2021 Masters Tournament?Hideki Matsuyama
37%
Who did Dillian Whyte defeat in a recent rematch?Alexander Povetkin
37%
Who did Nate Diaz last fight in the UFC?Jorge Masvidal
20.3%
Which Irish boxer will fight Evander Holyfield in June?Kevin McBride
9.7%

You're not logged in!

Compare scores with friends on all Sporcle quizzes.
OR
Log In

From the Vault

TV Shows in 8 Words, Part II

by giveupyet

All this quiz needs is a very short laugh track.
Remove Ads.
Support Sporcle.
Get the best of Sporcle when you Go Orange. This ad-free experience offers more features, more stats, and more fun while also helping to support Sporcle. Thank you for becoming a member.

Show Comments

Extras

Created Apr 20, 2021ReportNominate
Tags:arena, challenge, Daily, pundit

Top Quizzes Today


Score Distribution

Your Account Isn't Verified!

In order to create a playlist on Sporcle, you need to verify the email address you used during registration. Go to your Sporcle Settings to finish the process.

Report this User

Report this user for behavior that violates our Community Guidelines.

Details: